000 01428cam a2200361Ii 4500
001 sjds535152
003 sjds
005 20210630100629.0
008 130507s2013 nyuab e 000 0 eng d
010 _a 2013941811
020 _a9780316322409
020 _a0316322407
035 _a(OCoLC)842111966
035 _a817171
040 _aYDXCP
_cYDXCP
_dGK8
_dBDX
_dUPZ
_dFOLLT
_dJTH
_dIFA
_dUtOrBLW
041 _aENG
049 _aIFAA
099 _a92 YOUSAFZAI 2013
100 1 _aYousafzai, Malala,
_d1997-
_eauthor.
245 1 0 _aI am Malala :
_bthe story of the girl who stood up for education and was shot by the Taliban /
_cMalala Yousafzai with Christina Lamb.
250 _aFirst edition.
260 _aNew York :
_bLittle, Brown, & Company,
_c2013.
264 1 _aNew York :
_bLittle, Brown, & Company,
_c2013.
300 _aviii, 327 page :
_billustrations (some color), maps ;
_c25 cm
336 _atext
_btxt
_2rdacontent
337 _aunmediated
_bn
_2rdamedia
338 _avolume
_bnc
_2rdacarrier
520 _aWhen the Taliban took control of the Swat Valley, one girl spoke out. Malala Yousafzai refused to be silenced and fought for her right to an education. On Tuesday October 9, 2012, she almost paid the ultimate price.
600 1 0 _aYousafzai, Malala,
_d1997-
650 0 _aYoung women
_xEducation
_zPakistan
_vBiography.
650 0 _aChildren's rights
_zPakistan
_vBiography.
942 _cBK
_2ddc
999 _c25901
_d25901